<?xml version="1.0" encoding="UTF-8"?>
<record
    xmlns:xsi="http://www.w3.org/2001/XMLSchema-instance"
    xsi:schemaLocation="http://www.loc.gov/MARC21/slim http://www.loc.gov/standards/marcxml/schema/MARC21slim.xsd"
    xmlns="http://www.loc.gov/MARC21/slim">

  <leader>01114nam0a2200313   4500</leader>
  <controlfield tag="001">RU\NLR\BIBL_A\022713906</controlfield>
  <controlfield tag="005">20260201130300.0</controlfield>
  <datafield tag="010" ind1=" " ind2=" ">
    <subfield code="9">2000</subfield>
  </datafield>
  <datafield tag="035" ind1=" " ind2=" ">
    <subfield code="a">(NLR Aleph) 022713906</subfield>
  </datafield>
  <datafield tag="090" ind1=" " ind2=" ">
    <subfield code="a">13543183</subfield>
    <subfield code="c">13543183</subfield>
  </datafield>
  <datafield tag="100" ind1=" " ind2=" ">
    <subfield code="a">20260130d1959    m  y0rusy50      ca</subfield>
  </datafield>
  <datafield tag="101" ind1="0" ind2=" ">
    <subfield code="a">tyv</subfield>
    <subfield code="a">rus</subfield>
  </datafield>
  <datafield tag="102" ind1=" " ind2=" ">
    <subfield code="a">RU</subfield>
  </datafield>
  <datafield tag="105" ind1=" " ind2=" ">
    <subfield code="a">y   z   000 y</subfield>
  </datafield>
  <datafield tag="181" ind1=" " ind2="0">
    <subfield code="a">i </subfield>
    <subfield code="b">axxe  </subfield>
  </datafield>
  <datafield tag="182" ind1=" " ind2="0">
    <subfield code="a">n</subfield>
  </datafield>
  <datafield tag="200" ind1="1" ind2=" ">
    <subfield code="a">&#x411;&#x430;&#x436;&#x44B;&#x43D;&#x433;&#x430; &#x430;&#x430;&#x440;&#x44B;&#x433; &#x443;&#x440;&#x443;&#x433;&#x43D;&#x443; &#x430;&#x436;&#x430;&#x430;&#x440;&#x44B;</subfield>
    <subfield code="f">&#x415;. &#x42D;. &#x426;&#x43E;&#x43F;&#x43F;&#x438;</subfield>
    <subfield code="g">&#x41F;&#x435;&#x440;&#x435;&#x432;&#x43E;&#x434; &#x441; &#x440;&#x443;&#x441;&#x441;&#x43A;&#x43E;&#x433;&#x43E; &#x421;. &#x421;&#x430;&#x43C;&#x430;&#x440;&#x430;</subfield>
  </datafield>
  <datafield tag="203" ind1=" " ind2=" ">
    <subfield code="a">&#x422;&#x435;&#x43A;&#x441;&#x442;</subfield>
    <subfield code="b">&#x432;&#x438;&#x437;&#x443;&#x430;&#x43B;&#x44C;&#x43D;&#x44B;&#x439;</subfield>
    <subfield code="c">&#x43D;&#x435;&#x43F;&#x43E;&#x441;&#x440;&#x435;&#x434;&#x441;&#x442;&#x432;&#x435;&#x43D;&#x43D;&#x44B;&#x439;</subfield>
  </datafield>
  <datafield tag="210" ind1=" " ind2=" ">
    <subfield code="a">&#x41A;&#x44B;&#x437;&#x44B;&#x43B;</subfield>
    <subfield code="c">&#x422;&#x44B;&#x432;&#x430;&#x43D;&#x44B;&#x4A3; &#x43D;&#x43E;&#x43C; &#x4AF;&#x43D;&#x434;&#x4AF;&#x440;&#x435;&#x440; &#x447;&#x435;&#x440;&#x438;</subfield>
    <subfield code="d">1959</subfield>
  </datafield>
  <datafield tag="215" ind1=" " ind2=" ">
    <subfield code="a">20, [3] &#x441;.</subfield>
    <subfield code="d">20</subfield>
  </datafield>
  <datafield tag="225" ind1="1" ind2=" ">
    <subfield code="a">&#x410;&#x43D;&#x44B;&#x44F;&#x43A; &#x438;&#x435;&#x43D;&#x438;&#x4A3; &#x431;&#x438;&#x431;&#x43B;&#x438;&#x43E;&#x442;&#x435;&#x447;&#x43A;&#x430;&#x437;&#x44B;</subfield>
    <subfield code="e">8-&#x43A;&#x438; &#x43B;&#x435;&#x43A;&#x446;&#x438;&#x44F;</subfield>
  </datafield>
  <datafield tag="541" ind1="1" ind2=" ">
    <subfield code="a">&#x423;&#x445;&#x43E;&#x434; &#x437;&#x430; &#x431;&#x43E;&#x43B;&#x44C;&#x43D;&#x44B;&#x43C; &#x440;&#x435;&#x431;&#x451;&#x43D;&#x43A;&#x43E;&#x43C; &#x432; &#x441;&#x435;&#x43C;&#x44C;&#x435;</subfield>
    <subfield code="z">rus</subfield>
  </datafield>
  <datafield tag="686" ind1="1" ind2=" ">
    <subfield code="a">&#x420;733-5-81</subfield>
  </datafield>
  <datafield tag="700" ind1=" " ind2="1">
    <subfield code="a">&#x426;&#x43E;&#x43F;&#x43F;&#x438;</subfield>
    <subfield code="b">&#x415;. &#x42D;.</subfield>
    <subfield code="g">&#x415;&#x43B;&#x438;&#x437;&#x430;&#x432;&#x435;&#x442;&#x430; &#x42D;&#x440;&#x43D;&#x435;&#x441;&#x442;&#x43E;&#x432;&#x43D;&#x430;</subfield>
    <subfield code="4">070</subfield>
  </datafield>
  <datafield tag="702" ind1=" " ind2="1">
    <subfield code="a">&#x421;&#x430;&#x43C;&#x430;&#x440;&#x430;</subfield>
    <subfield code="b">&#x421;.</subfield>
    <subfield code="4">730</subfield>
  </datafield>
  <datafield tag="852" ind1=" " ind2=" ">
    <subfield code="a">NLR</subfield>
    <subfield code="b">&#x41E;&#x41D;&#x41B;</subfield>
    <subfield code="j">&#x422;&#x443;&#x432;./2-447</subfield>
  </datafield>
  <datafield tag="942" ind1=" " ind2=" ">
    <subfield code="c">BOOK</subfield>
  </datafield>
  <datafield tag="980" ind1=" " ind2=" ">
    <subfield code="a">NB</subfield>
  </datafield>
</record>
